logo

Bir Sreshtho Munshi Abdur Rouf Library
Jhenaidah Cadet College

My Life / (Record no. 11741)

MARC details
000 -LEADER
fixed length control field 00640nam a2200229 a 4500
001 - CONTROL NUMBER
JCCL Control Number 11741
003 - CONTROL NUMBER IDENTIFIER
JCCL marc code BD-JhCC
005 - DATE AND TIME OF LATEST TRANSACTION
control field 20211013134021.0
008 - FIXED-LENGTH DATA ELEMENTS--GENERAL INFORMATION
fixed length control field 200823b2015 ii a|||| ||a| 000 0 eng d
020 ## - INTERNATIONAL STANDARD BOOK NUMBER
International Standard Book Number 9788129137890
035 ## - SYSTEM CONTROL NUMBER
system control number (BD-JhCC)11741
040 ## - CATALOGING SOURCE
Original cataloging agency BD-JhCC
Modifying agency BD-JhCC
041 ## - LANGUAGE CODE
Language code of Book eng
082 ## - DEWEY DECIMAL CLASSIFICATION NUMBER
Classification number 954.05092
Author mark and Year KAL 2015
100 ## - MAIN ENTRY--PERSONAL NAME
Personal name Kalam, A.P.J Abdul
245 ## - TITLE STATEMENT
Title My Life /
Statement of responsibility, etc A.P.J Abdul Kalam .
260 ## - PUBLICATION, DISTRIBUTION, ETC. (IMPRINT)
Place of publication, distribution, etc India:
Name of publisher, distributor, etc Rupa;
Date of publication, distribution, etc 2015.
300 ## - PHYSICAL DESCRIPTION
Pagination 111 p. :
Other physical details ill;
Dimensions 20 cm.
650 ## - SUBJECT ADDED ENTRY--TOPICAL TERM
Topical term or geographic name as entry element Presidents
General subdivision Scientists
Chronological subdivision India
Geographic subdivision Abdul Kalam, A. P. J. (Avul Pakir Jainulabdeen), 1931-2015
942 ## - ADDED ENTRY ELEMENTS (KOHA)
Source of classification or shelving scheme Dewey Decimal Classification
Koha item type Books
Koha issues (borrowed), all copies 2
Holdings
Source of classification or shelving scheme Damaged status Not for loan Home library Current library Shelving location Date of accession Cost, normal purchase price Total Checkouts Full call number Barcode Date last seen Date checked out Copy number Koha item type
Dewey Decimal Classification     JCC Rouf Library JCC Rouf Library General Stacks 08/23/2020 351.00 2 954.05092 KAL 2015 16016 01/19/2025 11/19/2024 C-1 Books

JCC Library | Contacts | JCC Home

Last Update on 23 September 2017
Copyright @ 2017-2020 JCC Rouf Library
Rouf Library, Jhenidah Cadet College (JCC), Bangladesh